Big Mac Ingredients Quiz Stats

 Plays Quiz Updated Oct 28, 2014

Score 0/7 Timer 01:00
4 Plays Today
Ingredient % Correct
Lettuce
91.6%
Cheese
76.5%
Pickles
72.7%
Onions
72.1%
Special Sauce
57.3%
Sesame Seed Bun
48.1%
Two All Beef Patties
41.1%

You're not logged in!

Compare scores with friends on all Sporcle quizzes.
OR
Log In

Sporcle TV

Today on Sporcle TV


Watch our educational content, quiz creation guides, and fun videos on Sporcle TV.

Show Comments

Extras

Top Quizzes Today


Score Distribution

Your Account Isn't Verified!

In order to create a playlist on Sporcle, you need to verify the email address you used during registration. Go to your Sporcle Settings to finish the process.

Report this User

Report this user for behavior that violates our Community Guidelines.

Details: